Loading...
History of the Indian Freedom Movement 1857 to 1947
| Main Author: | |
|---|---|
| Format: | Printed Book |
| Published: |
New Delhi
Radha
1996
|
| Subjects: |
| LEADER | 00543cam a2200169ua 4500 | ||
|---|---|---|---|
| 020 | |a 81-7487-040-7 | ||
| 082 | |a 954.035 |b SAR/H | ||
| 100 | 0 | |a Sarma, V.V | |
| 245 | 1 | 0 | |a History of the Indian Freedom Movement 1857 to 1947 |
| 260 | |a New Delhi |b Radha |c 1996 | ||
| 300 | |a 152p. | ||
| 500 | |a Includes index. | ||
| 650 | 0 | |a Freedom movement- India | |
| 650 | 0 | |a History- India | |
| 942 | |c BK | ||
| 999 | |c 1701 |d 1701 | ||
| 952 | |0 0 |1 0 |4 0 |6 954_035000000000000_SAR |7 0 |9 1767 |a KUCL |b KUCL |d 2014-05-23 |l 1 |m 1 |o 954.035 SAR/ |p 04823 |r 2016-01-25 |s 2015-11-21 |w 2014-05-23 |y BK | ||